000 01975nam0a2200361 4500
001 RU\NLR\BIBL_A\012528662
005 20230221102156.0
010 _a978-5-88866-812-2
_9500
021 _aRU
_bКН-П-20-090932
_9КН-П-20-6901
035 _a(NLR Aleph) 012528662
035 _a(RuMoRGB)010545905
090 _a12355187
_c12355187
100 _a20210526d2020 k y0rusy50 ca
101 0 _arus
_aeng
102 _aRU
105 _ay|||z|||000zy
181 0 _ai
_baxxe
182 0 _an
200 1 _aСитуационный подход к формированию профессиональной компетентности студентов-юристов средствами иностранного языка
_eмонография
_fО. А. Макарова
_gМинистерство науки и высшего образования Российской Федерации, Федеральное государственное бюджетное образовательное учреждение высшего образования "Ульяновский государственный университет"
203 _aТекст
_bвизуальный
_cнепосредственный
210 _aУльяновск
_cУлГУ
_d2020
215 _a199, [1] с.
_cил., табл.
_d21
300 _aЧасть текста англ.
320 _aБиблиогр.: с. 160-186 (242 назв.)
606 1 _aИностранные языки
_xПреподавание
_xКейс метод
_xВысшие юридические учебные заведения
_92484177
_3RU\NLR\AUTH\6601690891
686 1 _aЧ486.17(2)
_bХ
700 1 _aМакарова
_bО. А.
_cканд. пед. наук
_gОльга Анатольевна
_9231206
_3RU\NLR\AUTH\770231262
942 _cBOOK
980 _aNBR
980 _aNB